Word Ladder: Oral Cleanliness Quiz Stats

Quiz Updated Aug 17, 2015

Challenge
Share
Tweet
Embed
Score 0/18 Timer 02:00
1 Play Today
Hint 5-Letter Word % Correct
Dental object coveted by fairiesTooth
96.1%
Blasts of a hornToots
88.3%
Large sea mammalWhale
87%
Social celebrationParty
85.3%
Happy facial expressionSmile
84.3%
Part of an eggWhite
83.7%
Portions or segments of somethingParts
79.7%
Lacking freshnessStale
79.3%
Period of indeterminate lengthWhile
78.4%
Hint 5-Letter Word % Correct
Soft, finely stratified sedimentary rockShale
76.9%
Mixture of flour & water, or to attach with gluePaste
72.1%
Steps for crossing a fence or wallStile
69.4%
Pallid in colorPasty
66.4%
Expend carelessly to no purposeWaste
59.8%
Skin imperfectionsWarts
55.6%
Actor Ralph or Kidnap victim TerryWaite
55.3%
The King of _____ (John Grisham)Torts
52.6%
Plants formerly used to cure diseasesWorts
43.9%

Today's Daily Dose

You're not logged in!

Compare scores with friends on all Sporcle quizzes.
Sign Up with Email
OR
Log In

You Might Also Like...

Show Comments

Extras

Top Quizzes Today


Score Distribution

Your Account Isn't Verified!

In order to create a playlist on Sporcle, you need to verify the email address you used during registration. Go to your Sporcle Settings to finish the process.